MARC

LEADER 00000nam0a2200000 4500
001 356898
005 20231102010934.0
035 |a (RuTPU)RU\TPU\retro\14158 
035 |a RU\TPU\retro\14151 
090 |a 356898 
100 |a 20200724d1963 k y0rusy50 ca 
101 0 |a rus 
102 |a RU 
105 |a y z 000zy 
200 1 |a Экспериментальное изучение процессов электрохимического растворения смесей арсенидов и сульфидов  |e [оттиск статьи]  |f Н. М. Рассказов 
210 |a Ленинград  |d 1963 
215 |a С. 57-61  |c табл. 
225 1 |a Вестник Ленинградского университета. Серия геологии и географии  |v № 12, вып. 2 
316 |5 63413507: ШкА2/5132  |a На форзаце дарственная надпись: "В научную библиотеку. Рассказов" 
320 |a Библиогр.: с. 61 
606 1 |a Электрохимическое растворение  |2 stltpush  |3 (RuTPU)RU\TPU\subj\76901  |9 87668 
610 1 |a коллекция ТПУ 
610 1 |a труды учёных ТПУ 
610 1 |a оттиски 
610 1 |a дарственные надписи 
610 1 |a дары автора 
610 1 |a дары библиотеке 
610 1 |a обогащение 
610 1 |a воды 
610 1 |a рудообразующие элементы 
610 1 |a кислород 
610 1 |a эксперименты 
610 1 |a электродные потенциалы 
610 1 |a минерализация 
675 |a 544.65  |v 4 
700 1 |a Рассказов  |b Н. М.  |c геолог  |c профессор Томского политехнического университета, доктор геолого-минералогических наук  |f 1932-2012  |g Николай Михайлович  |2 stltpush  |3 (RuTPU)RU\TPU\pers\22123 
801 1 |a RU  |b 63413507  |c 20200724 
801 2 |a RU  |b 63413507  |c 20200724  |g RCR 
942 |c BK